[Event "Leuven GCT blitz"]
[Site "Leuven"]
[Date "2016.06.19"]
[Round "1"]
[White "Kramnik, Vladimir"]
[Black "So, Wesley"]
[Result "1-0"]
[WhiteElo "2812"]
[BlackElo "2770"]
[PlyCount "75"]
[EventDate "2016.06.19"]
[EventType "tourn (blitz)"]
[EventRounds "18"]
[EventCountry "BEL"]
[EventCategory "22"]
[SourceTitle "CBM 173"]
[Source "ChessBase"]
[SourceDate "2016.07.12"]
[SourceVersion "1"]
[SourceVersionDate "2016.07.12"]
[SourceQuality "1"]

1. Nf3 d5 2. g3 Bg4 3. Bg2 e6 4. O-O Nf6 5. h3 Bxf3 6. Bxf3 Nbd7 ({RR} 6... c5 7. d3 Nc6 8. Nd2 g6 9. e4 Bg7 10. exd5 Nxd5 11. Ne4 b6 12. Bg5 f6 13. Bd2 O-O 14. Re1 Qd7 15. Bg2 Rfe8 16. Rb1 Rad8 17. a3 a5 18. h4 h6 19. c4 Nde7 20. Bxh6 Qxd3 21. Qa4 {Yu,Y (2751)-Wang,H (2709) Huaian 2017 ½-½ (52)}) 7. d3 ({RR} 7. Bg2 c6 8. d3 e5 9. e4 dxe4 10. dxe4 Bc5 11. Qe2 O-O 12. Nd2 a5 13. a4 Qc7 14. Nc4 Rfe8 15. Bd2 Bf8 16. Ne3 Nc5 17. Qc4 Rad8 18. Bc3 Ne6 19. Rad1 Bc5 20. Nf5 g6 21. Ne3 Bd4 {Astafurov,A (2263)-Kanyamarala,T (2378) chess.com INT 2025 0-1 (40)}) 7... Bc5 $146 ({RR} 7... Bd6 8. Nc3 O-O 9. e4 c6 10. Bg2 Qb6 11. Kh2 dxe4 12. Nxe4 Nxe4 13. Bxe4 Nf6 14. Bg2 Rad8 15. Qe2 Rfe8 16. a4 Nd5 17. a5 Qc7 18. c3 h6 19. Ra4 b5 20. axb6 axb6 21. Bd2 Ra8 22. Rg4 {Atakhan,A (2431)-Aashman,G (2235) chess.com INT 2023 0-1 (58)}) ({RR} 7... Bd6 8. Nc3 O-O 9. e4 c6 10. Bg2 Qb6 11. Kh2 dxe4 12. Nxe4 Nxe4 13. Bxe4 Nf6 14. Bg2 Rad8 15. Qe2 Rfe8 16. a4 Nd5 17. a5 Qc7 18. c3 h6 19. Ra4 b5 20. axb6 axb6 21. Bd2 Ra8 22. Rg4 {Atakhan,A (2431)-Aashman,G (2235) chess.com INT 2023 0-1 (58)}) 8. Nd2 O-O 9. Bg2 a5 10. c4 c6 11. e3 a4 12. d4 Bd6 13. Qc2 Re8 14. Rd1 Qc7 15. Rb1 b5 16. cxb5 cxb5 17. Qxc7 Bxc7 18. e4 dxe4 19. Nxe4 Rab8 20. Nc3 Rec8 21. Bf1 b4 22. Nxa4 Nd5 23. Bd2 Ra8 24. Nc5 Nxc5 25. dxc5 Be5 26. Bg2 Rcb8 27. Bf4 Bxf4 28. gxf4 Rd8 29. Bxd5 exd5 30. Rd4 Kf8 31. Rxb4 Rxa2 32. Rd4 Rb8 33. b4 Re8 34. c6 Ree2 35. Rxd5 Rec2 36. Rc5 Rxc5 37. bxc5 Ke7 38. Rb8 1-0

[Event "Leuven GCT blitz"]
[Site "Leuven"]
[Date "2016.06.19"]
[Round "3"]
[White "Kramnik, Vladimir"]
[Black "Aronian, Levon"]
[Result "1-0"]
[WhiteElo "2812"]
[BlackElo "2792"]
[Annotator "Besenthal,Klaus Guenter"]
[PlyCount "71"]
[EventDate "2016.06.19"]
[EventType "tourn (blitz)"]
[EventRounds "18"]
[EventCountry "BEL"]
[EventCategory "22"]
[SourceTitle "CBM 173"]
[Source "ChessBase"]
[SourceDate "2016.07.12"]
[SourceVersion "1"]
[SourceVersionDate "2016.07.12"]
[SourceQuality "1"]

1. Nf3 d5 2. g3 Nf6 3. Bg2 e6 4. O-O Be7 5. d3 O-O 6. Bf4 Nc6 ({RR} 6... b6 7. e4 dxe4 8. dxe4 Bb7 9. e5 Qxd1 10. Rxd1 Nd5 11. Bg5 Bxg5 12. Nxg5 h6 13. Nxe6 fxe6 14. c4 Ne3 15. fxe3 Bxg2 16. Kxg2 Nc6 17. Nc3 Nxe5 18. Rd4 c5 19. Rf4 Rxf4 20. exf4 Nxc4 21. b3 {Grischuk,A (2777)-Dominguez Perez,L (2758) Moscow 2019 ½-½ (65)}) 7. d4 b6 $146 ({RR} 7... Bd6 8. e3 Bxf4 9. exf4 Ne8 10. h4 Nd6 11. Ne5 Nxe5 12. fxe5 Nf5 13. Bh3 Ne7 14. f4 c5 15. dxc5 b6 16. c6 Nxc6 17. Nd2 Ba6 18. Rf2 Qe7 19. Nb3 Rac8 20. Qd2 Rfd8 21. Bg2 Bc4 22. Nd4 {Bodrogi,B (2451)-Palczert,M (2409) Budapest HUN 2025 1-0 (69)}) ({RR} 7... h6 8. Ne5 Nxe5 9. dxe5 Nd7 10. e4 c6 11. Re1 Qb6 12. Nd2 Bc5 13. Rf1 g5 14. Qg4 Kh7 15. exd5 cxd5 16. Bxg5 Rg8 17. Ne4 Be7 18. Qh5 Bxg5 19. Qxf7+ Rg7 20. Nxg5+ hxg5 21. Qe8 Nxe5 22. Qh5+ {Amin,B (2682)-Santos Latasa,J (2647) Linares ESP 2023 ½-½}) 8. c4 Bb7 9. Nc3 Na5 10. cxd5 Nxd5 11. Nxd5 Bxd5 12. Qc2 Rc8 13. e4 Bb7 14. Rad1 Qd7 15. Ne5 Qb5 16. Rfe1 {Diagramm [#]} Rfd8 $2 {Damit bringt sich Schwarz überraschend in Schwierigkeiten.} 17. Bh3 $1 {Die weißen Figuren sind hervorragend aufgestellt, was man von den schwarzen nicht behaupten kann.} Bb4 18. Re3 Bd6 19. d5 $1 {Diagramm [#]} Bxe5 20. Bxe5 Nc4 21. Rb3 Qa4 22. Rd4 Ba6 23. dxe6 Rxd4 24. Bxd4 Rd8 25. exf7+ Kf8 26. Qc3 Ne5 27. Bc5+ bxc5 28. Qxc5+ Rd6 29. Qxe5 Rd1+ {Diagramm [#] Da muss man glatt zweimal hinschauen!} 30. Bf1 (30. Kg2 $1 Bf1+ 31. Kf3 Bxh3 32. Rb8+ Kxf7 33. Qh5+ Ke7 34. Qh4+ Kf7 35. Qxh3 Rd3+ 36. Kf4 g5+ 37. Kxg5 Qxe4 38. Qh5+ $18) 30... Bxf1 $2 (30... Rxf1+ $1 31. Kg2 Qc6 {ebenfalls mit großem Vorteil für Weiß, aber in einer Blitzpartie wäre das nicht einfach zu realisieren gewesen.}) 31. Qc5+ Kxf7 {Diagramm [#]} 32. Rf3+ $2 (32. Qh5+ $1) 32... Ke6 33. Qf5+ Kd6 34. Qf8+ Kc6 $4 (34... Ke6 $1) 35. Qe8+ Kb7 36. Qxa4 1-0

[Event "Leuven GCT blitz"]
[Site "Leuven"]
[Date "2016.06.19"]
[Round "6"]
[White "Topalov, Veselin"]
[Black "Giri, Anish"]
[Result "1-0"]
[WhiteElo "2761"]
[BlackElo "2782"]
[PlyCount "105"]
[EventDate "2016.06.19"]
[EventType "tourn (blitz)"]
[EventRounds "18"]
[EventCountry "BEL"]
[EventCategory "22"]
[SourceTitle "CBM 173"]
[Source "ChessBase"]
[SourceDate "2016.07.12"]
[SourceVersion "1"]
[SourceVersionDate "2016.07.12"]
[SourceQuality "1"]

1. Nf3 d5 2. c4 d4 3. g3 Nc6 4. Bg2 e5 5. O-O Nf6 6. d3 a5 7. Na3 Bc5 8. Nb5 O-O 9. Bg5 Be7 10. e3 dxe3 11. Bxe3 Bf5 $146 ({RR} 11... Bg4 12. h3 Bh5 13. g4 Bg6 14. d4 exd4 15. Nbxd4 Be4 16. Re1 Bb4 17. Re2 Nxd4 18. Bxd4 Re8 19. a3 Bf8 20. Bc3 Qd3 21. Qxd3 Bxd3 22. Rxe8 Rxe8 23. Bxa5 b6 24. Bd2 Bxc4 25. Rc1 b5 26. Bf4 {Oparin,G (2652)-Abdusattorov,N (2627) chess24.com INT 2020 1-0 (61)}) ({RR} 11... Ng4 12. d4 Nxe3 13. fxe3 exd4 14. exd4 Bf6 15. d5 Ne5 16. Nxe5 Bxe5 17. Qe2 Re8 18. Qf2 f6 19. Rad1 Bg4 20. Rd2 Qd7 21. Nd4 Rad8 22. c5 Bxd4 23. Qxd4 Bh3 24. Bxh3 Qxh3 25. Qc3 Qh6 26. d6 {Pelaez Contti,J (2214)-Pressman,L (2276) ICC INT 2015 ½-½}) 12. d4 exd4 13. Nfxd4 Nxd4 14. Nxd4 Be4 15. Bxe4 Nxe4 16. Qc2 Ng5 17. Rad1 Qc8 18. Qf5 Bf6 19. Bxg5 Qxf5 20. Nxf5 Bxg5 21. Rd7 Rac8 22. Rfd1 Rfd8 23. R7d5 a4 24. Nxg7 Kxg7 25. Rxg5+ Kf6 26. Rgd5 Rxd5 27. Rxd5 Re8 28. Kf1 Re4 29. b3 axb3 30. axb3 Re6 31. h4 Rb6 32. Rb5 Rxb5 33. cxb5 Ke5 34. h5 Kd4 35. g4 Ke4 36. Kg2 Kf4 37. f3 h6 38. Kf2 f5 39. gxf5 Kxf5 40. Ke3 Kg5 41. Ke4 Kxh5 42. Kf5 Kh4 43. f4 h5 44. Ke5 Kg3 45. f5 h4 46. f6 h3 47. f7 h2 48. f8=Q h1=Q 49. Qf4+ Kh3 50. Qh6+ Kg2 51. Qxh1+ Kxh1 52. Ke6 Kg2 53. Kd7 1-0

[Event "Leuven GCT blitz"]
[Site "Leuven"]
[Date "2016.06.19"]
[Round "9"]
[White "Caruana, Fabiano"]
[Black "Anand, Viswanathan"]
[Result "1-0"]
[WhiteElo "2804"]
[BlackElo "2770"]
[PlyCount "139"]
[EventDate "2016.06.19"]
[EventType "tourn (blitz)"]
[EventRounds "18"]
[EventCountry "BEL"]
[EventCategory "22"]
[SourceTitle "CBM 173"]
[Source "ChessBase"]
[SourceDate "2016.07.12"]
[SourceVersion "1"]
[SourceVersionDate "2016.07.12"]
[SourceQuality "1"]

1. b3 d5 2. Bb2 Nf6 3. Nf3 g6 4. g3 Bg7 5. Bg2 O-O 6. O-O c5 7. c4 d4 8. e3 Nc6 9. exd4 cxd4 10. d3 Nd7 11. Re1 a5 12. Nbd2 Nc5 13. Ne4 Nxe4 $146 ({RR} 13... Na6 14. a3 Rb8 15. Qc2 h6 16. Rab1 Kh7 17. Bc1 f5 18. Ned2 e5 19. h3 Re8 20. Nh2 Qc7 21. f4 Bd7 22. Ndf1 Rbd8 23. Bd2 Nc5 24. b4 axb4 25. axb4 Nxd3 26. Qxd3 e4 27. Qb3 Be6 28. Rbc1 {Hirsch,S (2238)-Bus,T (2243) Germany 2009 0-1 (52)}) 14. Rxe4 Bf5 15. Re1 Qd7 16. Ba3 Rfe8 17. Ng5 h6 18. Ne4 b6 19. Qd2 Rac8 20. b4 axb4 21. Bxb4 Ne5 22. f3 Qa4 23. Rab1 Nd7 24. f4 Nc5 25. Bxc5 bxc5 26. Rb5 Bxe4 27. Bxe4 e6 28. Reb1 Rc7 29. Qa5 Ra7 30. Qxa4 Rxa4 31. Rxc5 Rxa2 32. Rc7 Rc2 33. c5 Bf8 34. Rb5 Rc3 35. Kg2 Re7 36. Rc8 f5 37. Bb7 Kg7 38. c6 Rxd3 39. Rd8 Rc3 40. Rxd4 Kf7 41. Ra5 Bg7 42. Rd2 e5 43. Rd7 Rxd7 44. cxd7 Ke7 45. Rd5 Kd8 46. fxe5 Re3 47. Rd6 Bxe5 48. Rxg6 Kxd7 49. Rxh6 Ke7 50. Bf3 Kf7 51. Bh5+ Ke7 52. Bf3 Rc3 53. Bd5 Bf6 54. Rh5 f4 55. gxf4 Rc5 56. Kf3 Kd6 57. Ke4 Ke7 58. Rh7+ Kd6 59. Rh6 Ke7 60. h4 Ra5 61. h5 Ra4+ 62. Kf3 Ra5 63. Ke4 Ra4+ 64. Kf5 Bc3 65. Re6+ Kf8 66. h6 Ra5 67. Ke4 Ra4+ 68. Kf3 Bd2 69. Rf6+ Ke7 70. h7 1-0

[Event "Titled Tuesday intern op1 5th July"]
[Site "Chess.com INT"]
[Date "2016.07.05"]
[Round "7"]
[White "Narayanan, Sunilduth Lyna"]
[Black "Li, Ruifeng"]
[Result "1-0"]
[WhiteElo "2515"]
[BlackElo "2535"]
[PlyCount "95"]
[EventDate "2016.07.05"]
[EventType "swiss (blitz)"]
[EventRounds "9"]
[EventCountry "USA"]
[SourceTitle "EXT 2021"]
[Source "ChessBase"]
[SourceDate "2020.10.23"]
[SourceVersion "1"]
[SourceVersionDate "2020.10.23"]
[SourceQuality "1"]

1. Nf3 c5 2. g3 Nc6 3. Bg2 g6 4. O-O Bg7 5. c3 e5 6. e4 Nge7 7. Na3 O-O 8. Re1 ({RR} 8. d4 cxd4 9. cxd4 exd4 10. Nb5 d5 11. exd5 Nxd5 12. Nbxd4 Ndb4 13. Be3 Bg4 14. Nxc6 Nxc6 15. Qb3 Qe7 16. Rac1 Rac8 17. Bc5 Qe6 18. Qxe6 Bxe6 19. Bxf8 Rxf8 20. b3 h6 21. Rfd1 a5 22. h3 a4 {Rakhmanov,A (2635)-Timofeev,A (2567) chess.com INT 2023 1-0 (32)}) ({RR} 8. Nc2 d5 9. d3 d4 10. Nh4 f6 11. f4 Be6 12. f5 Bf7 13. g4 c4 14. Rf3 dxc3 15. fxg6 hxg6 16. bxc3 g5 17. Nf5 Nxf5 18. exf5 e4 19. Rh3 cxd3 20. Ne3 Re8 21. Bd2 Rc8 22. Rg3 Bf8 {Negrean,A (2175)-Teterev,V (2257) chess.com INT 2025 1-0 (40)}) 8... d6 9. Nc2 h6 $146 ({RR} 9... d5 10. exd5 Nxd5 11. d3 h6 12. Ne3 Be6 13. h4 Qd7 14. h5 g5 15. Nc4 f6 16. Nfd2 Rad8 17. Ne4 b6 18. a4 Qc7 19. Qc2 f5 20. Ned2 Ndb4 21. cxb4 Nxb4 22. Qd1 Nxd3 23. Rf1 e4 24. Qe2 {Yoo,C (2455)-Dobrov,V (2478) Chess.com INT 2021 0-1 (56)}) ({RR} 9... d5 10. exd5 Nxd5 11. d3 h6 12. Ne3 Be6 13. h4 Qd7 14. h5 g5 15. Nc4 f6 16. Nfd2 Rad8 17. Ne4 b6 18. a4 Qc7 19. Qc2 f5 20. Ned2 Ndb4 21. cxb4 Nxb4 22. Qd1 Nxd3 23. Rf1 e4 24. Qe2 {Yoo,C (2455)-Dobrov,V (2478) Chess.com INT 2021 0-1 (56)}) 10. d4 b6 11. b4 Bb7 12. d5 Nb8 13. bxc5 bxc5 14. Rb1 Ba6 15. Ne3 Nd7 16. h4 Nb6 17. h5 f5 18. hxg6 f4 19. Nf5 Nxf5 20. exf5 Rxf5 21. gxf4 exf4 22. Bh3 Rf8 23. Re4 Qf6 24. Re6 Qxc3 25. Bb2 Qd3 26. Bxg7 Kxg7 27. Re7+ Kf6 28. Qe1 Qxf3 29. Qe6+ Kg5 30. g7 Rf6 31. g8=Q+ Rxg8 32. Qxg8+ Kh5 33. Bg2 Qd3 34. Rbe1 Rg6 35. Qf7 f3 36. Kh2 fxg2 37. R7e3 Qxe3 38. fxe3 Bf1 39. Kg1 Nc4 40. Qf3+ Rg4 41. e4 Ne5 42. Qf5+ Rg5 43. Qf2 Kg6 44. Qf8 c4 45. Re3 Kh5 46. Rh3+ Kg4 47. Qxh6 c3 48. Qh4# 1-0

[Event "Benasque op 36th"]
[Site "Benasque"]
[Date "2016.07.16"]
[Round "10"]
[White "Sasikiran, Krishnan"]
[Black "Burmakin, Vladimir"]
[Result "1-0"]
[WhiteElo "2639"]
[BlackElo "2549"]
[PlyCount "85"]
[EventDate "2016.07.07"]
[EventType "swiss"]
[EventRounds "10"]
[EventCountry "ESP"]
[SourceTitle "CBM 173 Extra"]
[Source "ChessBase"]
[SourceDate "2016.08.29"]
[SourceVersion "1"]
[SourceVersionDate "2016.08.29"]
[SourceQuality "1"]

1. Nf3 d5 2. g3 c6 3. Bg2 Bf5 4. d3 e6 5. O-O Nf6 6. Nbd2 Be7 7. b3 h6 8. Bb2 O-O 9. Re1 Bh7 10. e4 a5 11. a3 Na6 12. Qe2 Nc5 ({RR} 12... Qb6 13. h4 Rad8 14. e5 Nd7 15. Nf1 a4 16. b4 c5 17. c3 d4 {0-1 (17) Krastev,A (2333)-Burmakin,V (2519) Schwaebisch Gmuend 2020}) 13. Rad1 ({RR} 13. e5 Nfd7 14. Nf1 b5 15. h4 Na6 16. Ne3 Rb8 17. Ng4 c5 18. Bc1 c4 19. bxc4 bxc4 20. dxc4 Nc7 21. Rd1 Nb6 22. Nd4 Qd7 23. c5 Bxc5 24. Bxh6 f5 25. exf6 gxh6 26. Qe5 Rf7 27. Nxh6+ Kh8 {Andreikin,D (3112)-Ratkovic,M (2756) Chess.com 2024 1-0 (56)}) 13... Nfd7 $146 ({RR} 13... Qc7 14. e5 Nfd7 15. Nf1 b5 16. Ne3 Rfe8 17. Ng4 Nb7 18. h4 a4 19. b4 c5 20. bxc5 Nbxc5 21. Nd4 Rab8 22. f4 b4 23. axb4 Rxb4 24. Ba1 Nf8 25. Rf1 Ncd7 26. Kh1 Bc5 27. Nf3 Rc8 28. h5 {Suc,T (2138)-Burmakin,V (2504) Trieste 2018 0-1 (45)}) ({RR} 13... Re8 14. h4 Qb6 15. e5 Nfd7 16. Nf1 Na6 17. Ne3 a4 18. b4 c5 19. c4 cxb4 20. cxd5 bxa3 21. Nc4 Qb3 22. dxe6 fxe6 23. Nfd2 Qxd3 24. Qxd3 Bxd3 25. Nxa3 Ndc5 26. Ndc4 Rad8 27. Nb6 Bf5 28. Bf1 {Kortschnoj,V-Bykhovsky,A Tallinn 1965 ½-½ (41)}) 14. Nf1 Bf6 15. e5 Be7 16. Ne3 Re8 17. Nd2 Nf8 18. f4 Ncd7 19. Kh1 Qb6 20. a4 Qc7 21. d4 Qb6 22. Nf3 c5 23. Ba1 Be4 24. Nh4 Bxg2+ 25. Nexg2 cxd4 26. Bxd4 Bc5 27. Bb2 Rac8 28. f5 exf5 29. Nxf5 d4 30. Qg4 Qg6 31. Qxg6 Nxg6 32. Nd6 Bxd6 33. exd6 Re6 34. Bxd4 Rxc2 35. Ne3 Rc6 36. Nf5 Rc2 37. Bxg7 h5 38. Bd4 Ree2 39. Rxe2 Rxe2 40. Rc1 Nge5 41. Rc8+ Kh7 42. Re8 f6 43. Bxe5 1-0

[Event "Warsaw Najdorf Memorial op-A 14th"]
[Site "Warsaw"]
[Date "2016.07.14"]
[Round "7"]
[White "Efimenko, Zahar"]
[Black "Krasenkow, Michal"]
[Result "1-0"]
[WhiteElo "2655"]
[BlackElo "2614"]
[PlyCount "57"]
[EventDate "2016.07.08"]
[EventType "swiss"]
[EventRounds "9"]
[EventCountry "POL"]
[SourceTitle "CBM 173 Extra"]
[Source "ChessBase"]
[SourceDate "2016.08.29"]
[SourceVersion "1"]
[SourceVersionDate "2016.08.29"]
[SourceQuality "1"]

1. Nf3 d5 2. g3 Bg4 3. Bg2 Nd7 4. c4 e6 5. cxd5 exd5 6. h3 Bxf3 7. Bxf3 Ngf6 8. O-O c6 9. d3 Bc5 10. Nd2 O-O 11. Qc2 Qe7 12. e3 a5 13. Bg2 $146 ({RR} 13. a4 Bb4 14. Bg2 Rfe8 15. b3 Qc5 16. Qb1 Qb6 17. Nf3 Bc3 18. Ra2 d4 19. Rc2 Nd5 20. Nxd4 Bxd4 21. exd4 Qxd4 22. Rc4 Qb6 23. d4 N7f6 24. Bd2 Qd8 25. Qd3 Nb6 26. Rcc1 Nbd5 27. Rfe1 Rxe1+ {Svidler,P (2747)-Kasimdzhanov,R (2696) Tashkent 2012 ½-½ (34)}) 13... a4 14. Nf3 a3 15. Rb1 Ra7 16. Bd2 axb2 17. Rxb2 Ba3 18. Rbb1 Rfa8 19. Bc3 Bd6 20. a4 c5 21. Nd2 Be5 22. d4 cxd4 23. exd4 Bc7 24. Rfc1 Qd8 25. Nf1 Rxa4 26. Ne3 Nb6 27. Bb4 Bd6 28. Bxd6 Qxd6 29. Rxb6 1-0

[Event "Warsaw Najdorf Memorial op-A 14th"]
[Site "Warsaw"]
[Date "2016.07.14"]
[Round "7"]
[White "Melkumyan, Hrant"]
[Black "Areshchenko, Alexander"]
[Result "1-0"]
[WhiteElo "2640"]
[BlackElo "2654"]
[PlyCount "79"]
[EventDate "2016.07.08"]
[EventType "swiss"]
[EventRounds "9"]
[EventCountry "POL"]
[SourceTitle "CBM 173 Extra"]
[Source "ChessBase"]
[SourceDate "2016.08.29"]
[SourceVersion "1"]
[SourceVersionDate "2016.08.29"]
[SourceQuality "1"]

1. c4 g6 2. Nc3 c5 3. g3 Bg7 4. Bg2 Nc6 5. Nf3 e6 6. d4 cxd4 7. Nb5 d5 8. cxd5 exd5 9. O-O Nge7 10. Nfxd4 O-O 11. Be3 Re8 ({RR} 11... Nf5 12. Nxf5 Bxf5 13. Nd4 Bg4 14. h3 Bxd4 15. Bxd4 Bxe2 16. Qxe2 Nxd4 17. Qd2 Qf6 18. Rad1 Nf3+ 19. Bxf3 Qxf3 20. Qxd5 Qf6 21. Qxb7 Rfb8 22. Qd5 Qxb2 23. Rfe1 Qf6 24. Qe5 Qxe5 25. Rxe5 Rb2 26. a4 {Ding,L (2805)-Wei,Y (2736) Abidjan 2019 ½-½ (43)}) ({RR} 11... Ne5 12. b3 N7c6 13. Rc1 Re8 14. Qd2 a6 15. Nxc6 Nxc6 16. Nd4 Nxd4 17. Bxd4 Bxd4 18. Qxd4 Rxe2 19. Bxd5 Be6 20. Qc4 Qxd5 21. Qxe2 Bh3 22. f3 Bxf1 23. Kxf1 Rd8 24. Rc2 b5 25. Kg2 Rd6 26. Qe4 {Sibashvili,G (2409)-Ansat,A (2474) chess.com INT 2025 ½-½ (83)}) 12. Rc1 a6 13. Nc3 Nxd4 $146 ({RR} 13... Bg4 14. h3 Be6 15. Nxe6 fxe6 16. Na4 b5 17. Nc5 Qd6 18. Bf4 e5 19. Bg5 h6 20. Nb7 Qd7 21. Nc5 Qd6 22. Ne4 Qe6 23. Bxe7 Nxe7 24. Qb3 Rac8 25. Rcd1 Rc4 26. Nd2 e4 27. Nxc4 bxc4 28. Qa4 {Ozen,B (2303)-Markoja,B (2415) Belgrade 2017 0-1 (43)}) ({RR} 13... Bg4 14. h3 Be6 15. Nxe6 fxe6 16. Bg5 h6 17. Bxe7 Qxe7 18. Na4 Rad8 19. Qc2 Nd4 20. Qd2 Rf8 21. Nc5 h5 22. h4 Kh7 23. e3 Nf3+ 24. Bxf3 Rxf3 25. Qe2 Rf7 26. e4 Bd4 27. Nd3 Rdf8 28. Kg2 {Livner,A (2350)-Leenhouts,K (2478) Stockholm 2018 0-1 (36)}) 14. Bxd4 Be6 15. Bxg7 Kxg7 16. e3 Rc8 17. Qd4+ Kg8 18. Nxd5 Bxd5 19. Rxc8 Qxc8 20. Bxd5 Nxd5 21. Qxd5 Rd8 22. Qb3 Qd7 23. Rc1 b5 24. Qc3 Qf5 25. Qc2 Qf3 26. Re1 h5 27. Qe2 Qd5 28. a3 a5 29. h4 b4 30. axb4 axb4 31. Rc1 b3 32. Rc3 Qb7 33. e4 Rd4 34. Re3 Qb4 35. Qf3 Rc4 36. Kg2 Rc1 37. e5 Qc4 38. Kh2 Rc2 39. e6 fxe6 40. Qf6 1-0

[Event "Dortmund 44th"]
[Site "Dortmund"]
[Date "2016.07.16"]
[Round "6"]
[White "Caruana, Fabiano"]
[Black "Buhmann, Rainer"]
[Result "1-0"]
[WhiteElo "2810"]
[BlackElo "2653"]
[Annotator "Prathamesh,Sunil Mokal"]
[PlyCount "59"]
[EventDate "2016.07.09"]
[EventType "tourn"]
[EventRounds "7"]
[EventCountry "GER"]
[EventCategory "20"]
[SourceTitle "CBM 174"]
[Source "ChessBase"]
[SourceDate "2016.09.13"]
[SourceVersion "1"]
[SourceVersionDate "2016.09.13"]
[SourceQuality "1"]

1. Nf3 d5 2. g3 c5 3. Bg2 Nc6 4. O-O e5 5. c4 d4 6. d3 Nf6 7. e3 Bd6 (7... Be7 {is more popular in this position. After} 8. exd4 cxd4 {is possible.} ({But Black mostly takes} 8... exd4 {where there have been hundreds of encounters, including a couple of blitz games at the top level.} 9. Bf4 O-O 10. Ne5 Nxe5 11. Bxe5 Ng4 12. Bf4 Bd6 13. h3 (13. Qf3 Bxf4 14. Qxf4 g5 $5 15. Qd2 Rb8 16. Na3 b6 17. Rae1 $14 {1-0 Kramnik,V (2772)-Ivanchuk,V (2739)/ Wch Blitz Moscow 2009/ (25)}) 13... Bxf4 14. hxg4 Bd6 15. Nd2 Rb8 16. Bd5 Re8 17. Qf3 Be6 18. Rfe1 Qd7 19. Bxe6 Rxe6 20. Re4 Bf8 21. Rae1 Rf6 22. Qd1 h6 23. a3 a6 24. Nf3 b5 $132 {½-½ Kramnik,V (2803)-Anand,V (2786)/ Tal Memorial Blitz Moscow 2013 (43)})) 8. exd4 cxd4 9. Bg5 {A standard idea in the Benoni, which Caruana is now playing with the reversed colours.} h6 10. Bxf6 Qxf6 11. Nbd2 Bc7 12. Qa4 $146 {[%cal Gb2b4] White ensures getting in b4.} (12. a3 a5 {is also pretty standard.}) ({RR} 12. c5 O-O 13. a3 Re8 14. b4 Bf5 15. Ne1 Qg6 16. Qc2 Rac8 17. Rc1 Bb8 18. Be4 Ne7 19. Nc4 Bxe4 20. dxe4 f5 21. f3 Rcd8 22. Qe2 b5 23. cxb6 axb6 24. Nd3 Nc8 25. b5 f4 26. Kf2 fxg3+ {Gulamali,K (2216)-Vshivkov,K (2315) chess.com INT 2024 1-0 (39)}) ({RR} 12. c5 O-O 13. a3 Re8 14. b4 Bf5 15. Ne1 Qg6 16. Qc2 Rac8 17. Rc1 Bb8 18. Be4 Ne7 19. Nc4 Bxe4 20. dxe4 f5 21. f3 Rcd8 22. Qe2 b5 23. cxb6 axb6 24. Nd3 Nc8 25. b5 f4 26. Kf2 fxg3+ {Gulamali,K (2216)-Vshivkov,K (2315) chess.com INT 2024 1-0 (39)}) 12... O-O ({The standard} 12... a5 {would not really stop White from playing} 13. b4 $14) 13. b4 Bf5 14. Qb3 Rab8 $146 ({A couple fo correspondence games have been seen in these positions. One of them saw Black pushing with his majority soon with} 14... Bg4 15. a3 Rab8 16. Ne4 Qe7 17. Rfe1 (17. b5 $5) 17... f5 $5 18. Ned2 Rbe8 $13 {½-½ Koehler,J - Oliynyk,V / Correspondence 2013 (26)}) ({Another game saw Black blocking the queenside with} 14... Qe7 15. a3 a5 16. b5 Nd8 17. Qc2 Bd6 18. Rfe1 Qc7 19. Ne4 Bxe4 20. Rxe4 Ne6 21. Re2 Nc5 22. Nd2 Rae8 23. Ne4 Kh8 24. Nxc5 Bxc5 $11 {1-0 Koehler,J -Eshuis,J /Correspondence 2013 (45)}) 15. Rfe1 a6 (15... Rfe8 {(read e1 from White in the Benoni) is a more popular square for the kingside .} {If} 16. Ne4 {then} Qe7 {The point is that White does not have a  on a3 yet so} 17. b5 (17. a3 b6 {[%csl Ge4,Gf3][%cal Gg2c6]} 18. Nh4 Bd7 $13) 17... Na5 {is fine for Black with no b4 coming. He can manoeuvre his  back into the game with} 18. Qb2 b6 19. Rac1 Nb7 {[%cal Gb7c5]}) (15... b5 16. cxb5 Rxb5 17. Rac1 $14) 16. Rac1 Rfd8 (16... Rfe8) 17. a3 Qe7 $6 {[%csl Re7][%cal Gc6e7] Black may have probably missed at this moment that taking away the 's retreat square will have far reaching consequences, more so because of what follows after the move b5.} ({A sensible option was} 17... Bg4 18. b5 (18. h3) 18... Ne7 {but still with a pleasant position for White.}) 18. b5 Na5 {[%csl Ra5]} 19. Qb4 $1 {[%csl Ra5,Re5][%cal Gc7e5,Gc7a5] The  on c7 is soon going to be overloaded.} Qf6 (19... Qxb4 $2 20. axb4 $18 {[%csl Ra5]}) 20. Ne4 Bxe4 $2 {Black begins his surrender with this capture, although the position was getting a bit difficult anyway.} (20... Qb6 {would have been too awkward, and after} 21. Nh4 Be6 22. a4 Qa7 (22... axb5 23. axb5 $16) (22... Kh7 23. c5 $18) {White has a nice shot} 23. Ng6 $1 fxg6 $140 24. Qe7 $18 {[%csl Rc7,Re6]}) ({Best was probably} 20... Qe6 21. Nc5 (21. Nh4 Bh7) 21... Qf6 22. Nh4 (22. Nd2 $5 {[%cal Gd2e4]}) 22... Bh7 $14 {with an edge to White due to his better placed pieces and free flowing queenside pawn-majority.}) 21. Rxe4 {[%csl Ra5][%cal Gf3e5] e5. Material losses are now inevitable for Black.} axb5 (21... Rbc8 22. Nxe5 Bxe5 23. Qxa5 $18) 22. cxb5 Qb6 (22... Rbc8 23. Rxc7 $1 (23. b6 Bd6) 23... Rxc7 24. Qxa5 $16) (22... Qd6 23. Nxe5 $1 Qxb4 $2 24. axb4 Bxe5 25. Rxe5 Nb3 26. Rb1 Nd2 27. Rb2 $18) 23. Nxe5 $18 Bd6 24. Qb2 Rbc8 25. a4 Rxc1+ 26. Qxc1 Qc5 27. Qxc5 Bxc5 28. h4 h5 $6 29. Bf3 g6 30. Rf4 (30. Rf4 Rf8 31. Nd7 $18) 1-0